Регионална библиотека "Любен Каравелов" - Русе

Сред хората (Запис номер 453910)

MARC детайли
000 -Лидер
Контролно поле с фиксирана дължина nam a22 a 4500
003 - Код на организацията, давaща контролен номер
Контролно поле BLK
005 - Дата и час на последна редакция
Контролно поле 20220426212649.0
008 - Елементи от данни с фиксирана дължина
fixed length control field 220421b bu |||||r|||| 00| | bu d
040 ## - Източник на каталожния запис
Идентификатор на билиотеката - собственик на записа BLK
041 ## - Код за език
Код за езика на текст/звукозапис или на отделно заглавие Български
Код за езика КДБФ Български
080 ## - УДК
Текстов определител УДК Социалистическо и комунистическо общество - като социална система. Безкласови общества
УДК код - определител по УДК 316.323.7
УДК определител (47+57)
УДК - код + определител 316.323.7(47+57)
139 ## - Редно поле
Редна дума Сред хората
245 ## - Сведения за заглавието
Заглавие Сред хората
Подзаглавни данни Сборник
Редно поле (дума) Прев. от рус. Лазар Младенов; прев. от рус. Магдалена Атанасова и др.
260 ## - Област на издателските данни
9 (RLIN) 212206
Място на издаване, разпространение и проч. София
Име на издателя, разпространителя и проч. БКП
Година на издаване 1964
300 ## - Физическа характеристика
Страници 84 с.
Размери/Мащаб 20 см
380 ## - Жанр
Жанр Обществени науки
490 ## - СЕРИИ (Колекции)
9 (RLIN) 206221
Име на серия Библиотека В помощ на партийните организации в селското стопанство
№: серия 5
650 #7 - Допълнително описание по предмет – тема
9 (RLIN) 171446
Основно описание – тема или топоним Социалистическо общество
650 #7 - Допълнително описание по предмет – тема
9 (RLIN) 158970
Основно описание – тема или топоним Колхози - СССР
653 #7 - Ключова дума – ненормативна
9 (RLIN) 182075
Ключова дума бит
700 ## - Други автори (авторска отговорност)
9 (RLIN) 367242
Лично име Младенов, Лазар
Автороска отговорност (Описва отношението между автора и произведението) прев. от рус.
700 ## - Други автори (авторска отговорност)
9 (RLIN) 1121
Лично име Атанасова, Магдалена
Автороска отговорност (Описва отношението между автора и произведението) прев. от рус.
852 ## - Местоположение
Форматна сигнатура Цб 30940
Фондова буква Хранилище
999 ## - СИСТЕМНИ КОНТРОЛНИ НОМЕРА
Koha biblionumber 453910
Koha biblioitemnumber 453910
942 ## - АРТИКУЛИ
Вид на библиотечния материал Книги
Скрит в OPAC Не
Периодичен библиозапис Да
944 ## - СЪЗДАВАНЕ И РЕДАКЦИЯ на ЗАПИСА
Създаване/Редакция Създаване
Дата на регистрацията/редакция 2022-04-21
Служител, извършил регистрацията/редакцията А.М.
Наличности
Код за отписване Код за изгубен артикул Източник на класификационната схема Код за повреда Коз за рестрикции Код за отдаване Артикулен № Име на библиотеката - собственик Име на библиотеката, в която се намира в момента Статус (Текущо местоположение) Дата на вписване в системата Местоположение - отдел Цена в лева Инвентарен номер Систематично азбучна сигнатура Баркод Цена в евро Служебен тип на артикула
  Не е изгубен Universal Decimal Classification Не е повреден само за читалня ползва се в читалня 882612 Регионална библиотека "Любен Каравелов" Русе Регионална библиотека "Любен Каравелов" Русе Хранилище 2022-04-27 Хранилище 0.16 11827/64 Цб 30940 900000093041 0.08 Книги
Vip Innovations Ltd, Rousse, Bulgaria 2025